5HLuxD.jpg

KING HENRY VIII SENIOR AND PRIMARY SCHOOL LIBRARY OPAC

BRIGHTSTORM/A SKY SHIP ADVENTURE (Record no. 5456)

000 -LEADER
fixed length control field 00376nam a22001217a 4500
008 - FIXED-LENGTH DATA ELEMENTS--GENERAL INFORMATION
fixed length control field 250918b ||||| |||| 00| 0 eng d
020 ## - INTERNATIONAL STANDARD BOOK NUMBER
International Standard Book Number 9781407181707
082 ## - DEWEY DECIMAL CLASSIFICATION NUMBER
Classification number FIC HAR
100 ## - MAIN ENTRY--PERSONAL NAME
Personal name HARDY,VASHTI
Relator term AUTHOR
Language of a work ENGLISH
245 ## - TITLE STATEMENT
Title BRIGHTSTORM/A SKY SHIP ADVENTURE
260 ## - PUBLICATION, DISTRIBUTION, ETC.
Place of publication, distribution, etc. EUSTON HOUSE,24 EVRSHOLT STREET,LONDON NW1 1DB,UK
Name of publisher, distributor, etc. SCHOLASTIC CHILDREN'S BOOKS
Date of publication, distribution, etc. 2018
942 ## - ADDED ENTRY ELEMENTS (KOHA)
Source of classification or shelving scheme
Holdings
Withdrawn status Lost status Source of classification or shelving scheme Damaged status Not for loan Collection code Permanent Location Current Location Shelving location Date acquired Total Checkouts Full call number Barcode Date last seen Date last checked out Price effective from Koha item type Public note
          Fiction KH8 Primary School Library KH8 Primary School Library Fiction 2025-09-18 3 FIC HAR KHPL000007161 2026-03-18 2026-03-02 2025-09-18 Books - Fiction PRIMARY LIBRARY

Powered By KH8 IT Dept